Guess the song with no hints Quiz Stats

 Plays Quiz not verified by Sporcle

Challenge
Share
Tweet
Embed
Score 0/195 Timer 10:00
0 Plays Today
% Correct
a
98.8%
and
98.8%
and
98.8%
a
98.8%
the
98.8%
the
98.8%
the
98.8%
the
98.8%
the
98.8%
and
98.8%
and
98.8%
the
98.8%
the
98.8%
and
98.8%
the
98.8%
and
98.8%
the
98.8%
and
98.8%
98.8%
98.8%
I
96.3%
I
96.3%
I
96.3%
I
96.3%
I
96.3%
I
96.3%
I
96.3%
I
96.3%
I
96.3%
I
96.3%
I
96.3%
I
96.3%
I
96.3%
you
88.4%
you
88.4%
you
88.4%
you
88.4%
you
88.4%
you
88.4%
you
88.4%
me
80.8%
me
80.8%
me
80.8%
me
80.8%
to
80.5%
to
80.5%
to
80.5%
love
80.3%
love
80.3%
be
79.2%
be
79.2%
n
78.1%
in
74.1%
in
74.1%
in
74.1%
in
74.1%
can
69.8%
can
69.8%
can
69.8%
on
69.5%
so
66.9%
so
66.9%
do
65.2%
do
65.2%
that
64.9%
% Correct
that
64.9%
that
64.9%
that
64.9%
my
64.3%
my
64.3%
for
63%
when
61.5%
of
60.7%
if
59.5%
if
59.5%
if
59.5%
your
59.4%
your
59.4%
time
58.4%
was
58%
but
56.6%
but
56.6%
but
56.6%
with
56.1%
with
56.1%
how
55.6%
how
55.6%
know
55.4%
are
54.8%
day
52.8%
day
52.8%
could
50.9%
one
50.9%
you're
47.3%
can't
47.2%
have
44.3%
die
43.9%
good
43.8%
long
43.7%
long
43.7%
make
43.3%
make
43.3%
him
43.2%
ago
42.3%
remember
42.2%
remember
42.2%
had
41.8%
miss
41.7%
music
40.7%
music
40.7%
music
40.7%
bye
40.3%
bye
40.3%
American
40.3%
pie
40.3%
take
39.3%
boys
39.3%
old
39.2%
still
39.1%
every
38.9%
Chevy
38.8%
dry
38.8%
drove
38.5%
dance
37%
drinking
37%
dance
37%
knew
36.6%
his
36.6%
saw
36.6%
those
36.5%
% Correct
rye
36.5%
those
36.5%
singing
36%
whiskey
35.9%
while
35.8%
man
35.6%
people
34.9%
died
34.9%
used
34.7%
did
33.7%
believe
33.4%
more
33%
happy
32.9%
off
32.8%
about
32.2%
smile
31.3%
couldn't
31%
chance
30.8%
real
30.8%
this'll
30.5%
'cause
29.5%
maybe
29.4%
made
28.9%
bad
28.9%
well
28.7%
levee
28.3%
levee
28.3%
teach
28.2%
rock
27.9%
soul
27.9%
roll
27.8%
something
27.3%
God
27.3%
they'd
27.2%
dancing
26.8%
cried
26.5%
step
26.1%
above
26.1%
read
25.9%
slow
25.8%
book
25.4%
news
25.2%
shiver
25%
save
25%
gym
24.7%
paper
24.5%
bride
24.4%
inside
24.4%
faith
24.2%
February
24.1%
widowed
23.9%
deep
23.8%
doorstep
23.6%
mortal
23.6%
blues
23.2%
tells
23%
both
23%
delivered
22.7%
write
22.5%
shoes
22%
rhythm
21.8%
touched
21.4%
bible
21.4%
kicked
21%
dig
21%

You're not logged in!

Compare scores with friends on all Sporcle quizzes.
Join for Free
OR
Log In

You Might Also Like...

Show Comments

Extras

Created May 31, 2010ReportNominate
Tags:Lyrics Quiz, Song Quiz

Top Quizzes Today


Score Distribution

Your Account Isn't Verified!

In order to create a playlist on Sporcle, you need to verify the email address you used during registration. Go to your Sporcle Settings to finish the process.

Report this User

Report this user for behavior that violates our Community Guidelines.

Details: